Music Quiz

Random Music or Album Quiz

Nine Inch Nails Halo List Quiz Stats

 Plays Quiz Updated Mar 6, 2020

     
Support Sporcle.
Go Orange.
Score 0/32 Timer 07:00
0 Plays Today
Halo Number Title % Correct
Halo 8The Downward Spiral
77.4%
Halo 9Closer to God
74%
Halo 14The Fragile
72.8%
Halo 2Pretty Hate Machine
71.8%
Halo 3Head Like a Hole
68.2%
Halo 5Broken
64.8%
Halo 19With Teeth
64.8%
Halo 24Year Zero
61.5%
Halo 28Hesitation Marks
56.5%
Halo 6Fixed
54.9%
Halo 7March of the Pigs
54.4%
Halo 18The Hand That Feeds
54.3%
Halo 10Further Down the Spiral
54%
Halo 32Bad Witch
53%
Halo 26Ghosts I-IV
52.9%
Halo 27The Slip
52.9%
Halo Number Title % Correct
Halo 1Down in It
51.8%
Halo 4Sin
51.7%
Halo 11The Perfect Drug
48.3%
Halo 31Add Violence
46.9%
Halo 20Only
46.6%
Halo 29Not The Actual Events
42.2%
Halo 17And All That Could Have Been
40.4%
Halo 23Survivalism
39.9%
Halo 15We're in This Together
38.8%
Halo 25Y34RZ3R0R3M1X3D
37.6%
Halo 21Every Day Is Exactly the Same
37.5%
Halo 13The Day the World Went Away
34%
Halo 16Things Falling Apart
29.5%
Halo 22Beside You in Time
29.3%
Halo 12Closure
28.2%
Halo 30The Fragile: Deviations 1
19.1%

From the Vault

Movie Cast Match (2003)

by MasterKGlas

Movies 8m
We like to pretend that some of these movies never happened.
Remove Ads.
Support Sporcle.
Get the best of Sporcle when you Go Orange. This ad-free experience offers more features, more stats, and more fun while also helping to support Sporcle. Thank you for becoming a member.

Show Comments

Extras

Top Quizzes Today


Score Distribution

Your Account Isn't Verified!

In order to create a playlist on Sporcle, you need to verify the email address you used during registration. Go to your Sporcle Settings to finish the process.

Report this User

Report this user for behavior that violates our Community Guidelines.

Details: